The Oxford handbook of religion and ecology (Record no. 123822)
[ view plain ]
| 000 -LEADER | |
|---|---|
| fixed length control field | 00495nam a22001457a 4500 |
| 008 - FIXED-LENGTH DATA ELEMENTS--GENERAL INFORMATION | |
| fixed length control field | 151126b xxu||||| |||| 00| 0 eng d |
| 020 ## - INTERNATIONAL STANDARD BOOK NUMBER | |
| International Standard Book Number | 139780199747627 |
| 050 ## - LIBRARY OF CONGRESS CALL NUMBER | |
| Classification number | BL65.E36O94 2006 |
| 100 ## - MAIN ENTRY--PERSONAL NAME | |
| Personal name | Gottlieb, Roger S. |
| Relator term | editor |
| 9 (RLIN) | 21193 |
| 245 ## - TITLE STATEMENT | |
| Title | The Oxford handbook of religion and ecology |
| Statement of responsibility, etc | / edited by Roger S.Gottlieb |
| 260 ## - PUBLICATION, DISTRIBUTION, ETC. (IMPRINT) | |
| Place of publication, distribution, etc | Oxford |
| -- | New York |
| Name of publisher, distributor, etc | Oxford University Press |
| Date of publication, distribution, etc | 2006 |
| 300 ## - PHYSICAL DESCRIPTION | |
| Extent | xxi, 662p.; |
| Dimensions | 25cm. |
| 650 ## - SUBJECT ADDED ENTRY--TOPICAL TERM | |
| Topical term or geographic name as entry element | Ecology |
| General subdivision | Religious aspects |
| 9 (RLIN) | 21194 |
| 942 ## - ADDED ENTRY ELEMENTS (KOHA) | |
| Source of classification or shelving scheme | Library of Congress Classification |
| Item type | Monograph ( Printed materials) |
| Withdrawn status | Lost status | Source of classification or shelving scheme | Damaged status | Not for loan | Collection code | Home library | Current library | Shelving location | Date acquired | Total Checkouts | Full call number | Barcode | Date last seen | Price effective from | Koha item type |
|---|---|---|---|---|---|---|---|---|---|---|---|---|---|---|---|
| Library of Congress Classification | Main Collection | ARRUPE LIBRARY | ARRUPE LIBRARY | Main Collection | 26/11/2015 | BL65.E36O94 2006 | 46500005699 | 26/10/2016 | 26/11/2015 | Monograph ( Printed materials) |